Geography starting in T, with second letters A-Z - Statistics

General Stats
  • This quiz has been taken 18 times
    8 since last reset
  • The average score is 11 of 26
Answer Stats
2nd letter Clue Answer starting with T % Correct
A Oriental island nation (6) Taiwan
100%
B The capital of Georgia (7) Tbilisi
100%
U Muslim country on the Mediterranean (6) Turkey
86%
E State of the USA (5) Texas
71%
I Mexican city trafficking cannabis that has one third cut (7) Tijuana
71%
O Island nation where the core of NWA is gone, replaced by last song (5) Tonga
71%
R Midlands river which flows through Stoke (5) Trent
71%
Y River of Newcastle (4) Tyne
71%
H Asian kingdom (8) Thailand
57%
P Hog on the loose in Russian village (4) Tpig
57%
W Drug-infested river of the Scottish/English border region (5) Tweed
57%
G Swiss mountain formed of precious red stone (7) Tgarnet
43%
F Algerian village selling Dutch cheese with exterior cut off on one side (6) Tfouda
29%
J Some of this can be seen in a Norwegian town (5) Tjøme
29%
K On the way to Croatian village (4) Tkon
29%
M Out with no end in sight, throughout, thou art removed from Moroccan village (10) Tmourghout
29%
V City east of the Russian capital (4) Tver
29%
Z South African town where a knight is born facing in the wrong direction (7) Tzaneen
29%
C Half of half our core of four, in city of Benin (9) Tchaourou
14%
D District of Delhi, the no.1 metropolis in India (7) TDI City
14%
N Now in his 90s, removing his tie, Amin slightly disturbs layman of one village in Morocco (16) Tnine Sidi Lyamani
14%
Q Victory for two Mannings at quarterback in town of Abkhazia (10) Tqvarch'eli
14%
L Large Mexico City suburb, site of plane wreckage where insect is observed, and boy playing three chords and the final jazz (17) Tlalnepantla de Baz
0%
S A half-Pakistani goes back to hospital in city of D.R. Congo (8) Tshikapa
0%
T Steppes without Sweden; it's okay to go back to Ur, victor of universal American cities at hill in Cyprus (20) Tteppes tis Kourvoulas
0%
X Zorro decapitated following tax mix-up at river estuary by Spanish mountain (13) Txorrotxarria
0%
No matching quizzes found
Score Distribution
Percent of People with Each Score
Percentile by Number Answered
Your Score History
You have not taken this quiz since the last reset